Six-Letter Things Quiz Stats

 Plays Quiz Updated Jan 9, 2017

Also try: Five-Letter Things
Challenge
Share
Tweet
Embed
Score 0/59 Timer 10:00
2 Plays Today
Heading Answer % Correct
Oceans of the WorldIndian Ocean
82.8%
European CountriesFrance
79.4%
Seven DwarfsSleepy
76.7%
Chess PiecesKnight
76.3%
Chess PiecesBishop
71.7%
Oceans of the WorldArctic Ocean
69.2%
Seven DwarfsGrumpy
67.1%
US StatesOregon
66.7%
European CountriesSweden
66.4%
US StatesKansas
64.5%
European CountriesNorway
63.2%
Seven DwarfsSneezy
62%
European CountriesGreece
61.4%
US StatesAlaska
61.3%
US StatesHawaii
59.9%
US StatesNevada
59.6%
US Presidents (Last Name)Ronald Reagan
56.7%
European CountriesPoland
56.2%
Signs of the ZodiacCancer
55.9%
Elements with One Letter AbbreviationsOxygen
55.8%
NFL Team NamesNew York Giants
54%
US Presidents (Last Name)Jimmy Carter
54%
Trigonometric RatiosCosine
53.5%
European CountriesRussia
51.1%
European CountriesTurkey
48.3%
Signs of the ZodiacTaurus
48%
Elements with One Letter AbbreviationsCarbon
47.9%
Chinese Zodiac Animal SignsDragon
47%
European CountriesLatvia
46.2%
NFL Team NamesNew Orleans Saints
45.7%
Heading Answer % Correct
NFL Team NamesPhiladelphia Eagles
44.9%
Signs of the ZodiacGemini
44.4%
Signs of the ZodiacPisces
43.2%
US Presidents (Last Name)Herbert Hoover
41.2%
NFL Team NamesCleveland Browns
40.9%
NFL Team NamesBaltimore Ravens
39.6%
US Presidents (Last Name)James Monroe
39.5%
US Presidents (Last Name)Woodrow Wilson
38.9%
NFL Team NamesHouston Texans
38.8%
NFL Team NamesTennessee Titans
38.8%
US Presidents (Last Name)Harry S Truman
37%
European CountriesSerbia
35.7%
European CountriesMonaco
34.4%
NFL Team NamesKansas City Chiefs
34.4%
Chinese Zodiac Animal SignsMonkey
31.3%
European CountriesCyprus
31%
US Presidents (Last Name)Zachary Taylor
29.6%
Trigonometric RatiosSecant
29.3%
Chinese Zodiac Animal SignsRabbit
27.9%
European CountriesKosovo
27.2%
US Presidents (Last Name)Franklin Pierce
26.6%
Elements with One Letter AbbreviationsIodine
23.5%
US Presidents (Last Name)Chester A. Arthur
23.4%
Elements with One Letter AbbreviationsSulfur
20.8%
Oscar Best Picture WinnersGandhi
7.1%
Oscar Best Picture WinnersBen-Hur
5.5%
Oscar Best Picture WinnersPatton
5.2%
Oscar Best Picture WinnersOliver!
3.7%
Oscar Best Picture WinnersHamlet
2.7%

You're not logged in!

Compare scores with friends on all Sporcle quizzes.
Join for Free
OR
Log In

You Might Also Like...

Show Comments

Extras

Top Quizzes Today


Score Distribution

Your Account Isn't Verified!

In order to create a playlist on Sporcle, you need to verify the email address you used during registration. Go to your Sporcle Settings to finish the process.

Report this User

Report this user for behavior that violates our Community Guidelines.

Details: